000 00317nam a22001457a 4500
008 210527b ||||| |||| 00| 0 eng d
020 _a9781557981288
041 _aeng
080 _a316
082 _a316
100 _a50
101 _aSOC
245 _aTestifying in Court
_cStanley L. Brodsky
942 _2udc
_cBK
999 _c57741
_d57741